header

The nuclear enterprise (Record no. 160452)

MARC details
000 -LEADER
fixed length control field 01959nam a2200397Ia 4500
245 14 - TITLE STATEMENT
Title The nuclear enterprise
260 ## - PUBLICATION, DISTRIBUTION, ETC. (IMPRINT)
Place of publication Stanford, Calif. :
Name of publisher Hoover Institution Press, Stanford University,
Year of publication c2012.
300 ## - PHYSICAL DESCRIPTION
Number of Pages xvii, 370 p. :
Other physical details ill. (some col.).
490 1# - SERIES STATEMENT
Series statement Hoover Institution Press publication ;
500 ## - GENERAL NOTE
General note Papers presented at the Nuclear Enterprise Conference, held October 3-4, 2011 at the Hoover Institution, Stanford University.
650 #0 - SUBJECT ADDED ENTRY--TOPICAL TERM
Topical Term Nuclear power plants
Topical Term Nuclear power plants
Topical Term Nuclear weapons
700 1# - ADDED ENTRY--PERSONAL NAME
Personal name Shultz, George Pratt,
Personal name Drell, Sidney D.
856 40 - ELECTRONIC LOCATION AND ACCESS
Uniform Resource Identifier http://site.ebrary.com/lib/rucke/Doc?id=10622929

No items available.

© 2026 Rongo University
Contact us: librarian | system librarian | Rongo university